000 00736cam a2200265 4500
008 090401t1993 xxu||||| |||| 00| 0 eng d
020 _a0102444935
035 _a(Sirsi) u81245
041 _aeng
050 _a350.713
110 _aUnited Kingdom
_bNational Audit Office
_91350
245 _aReport by the Comptroller and Auditor General: Welsh Office: premises management...
260 _aLondon
_bHMSO
_c1993
300 _a28p. ; 30cm.
350 _a7.1
490 _aHCP
_v444
650 _aOFFICE LAYOUT
650 _aOPERATING COSTS
650 _aPREMISES MANAGEMENT
650 _aSPACE UTILISATION
650 _aWELSH OFFICE
690 _aOFFICE SERVICES AND ADMINISTRATION
942 _n0
948 _c04/03/1997
999 _c96685
_d96685